Normal view
MARC view
- Castro Santander, Alejandro,
Entry Nombre Personal
001 - NUMERO DE CONTROL
- campo de control: 33555
003 - IDENTIFICADOR DE NUMERO DE CONTROL
- campo de control: UPN
005 - FECHA Y HORA DE LA ÜLTIMA TRANSACCIÓN
- campo de control: 20210219194444.0
008 - DATOS DE LONGITUD FIJA
- campo de control de longitud fija: nabaccnnaabn|||||||||| b |nc|||||d
035 ## - NUMERO DE CONTROL
- Número de control: UPN11000005662
040 ## - FUENTE DE CATALOGACIÓN
- Lenguaje de catalogación: SPA
- Agencia de transcripción: UPN
100 1# - ENCABEZAMIENTO - NOMBRE PERSONAL
- Nombre personal: Castro Santander, Alejandro,
- Fechas asociadas con el nombre: 1954-
670 ## - FUENTE EN LA QUE SE LOCALIZARON DATOS
- Cita de la fuente: T
- Información localizada: Conflictos en la escuela de la era digital
680 ## - NOTA PUBLICA DE ACCESO PÚBLICO
- Frase explicativa de la referencia: Psicopedagogo institucional (UCA), especialista en Gestión de la Convivencia Social y Escolar
902 ## - CATALOGADOR
- Catalogador: MCM/160513
